Statistics for World Wonders

Click here to take the quiz!

General Stats

  • This quiz has been taken 48 times
  • The average score is 22 of 30

Answer Stats

Answer% Correct
Great Wall of China
100%
Machu Picchu
95%
Big Ben
92%
Colosseum
92%
Eiffel Tower
92%
Taj Mahal
92%
Forbidden City
86%
Golden Gate Bridge
86%
Petra
86%
Mount Everest
84%
Christ the Redeemer
81%
Niagara Falls
81%
Stonehenge
81%
Empire State Building
78%
Leaning Tower of Pisa
78%
Mount Kilimanjaro
78%
Statue of Liberty
78%
Angkor Wat
76%
Galapagos Islands
76%
Grand Canyon
76%
Mount Vesuvius
70%
Sydney Opera House
68%
Hagia Sophia
65%
Chichen Itza
62%
Terracotta Army
62%
White Cliffs of Dover
62%
Mont Saint-Michel
46%
Giant's Causeway
41%
Saint Basil's Cathedral
41%
Great Pyramid of Giza
35%

Score Distribution

Percentile by Number Answered

Percent of People with Each Score

Your Score History

You have not taken this quiz